El mundo y sus demonios.

Guardat en:
Dades bibliogràfiques
Autor principal: Sagan, Carl (autor)
Altres autors: Udina, Dolors (traducción castellana)
Format: Desconegut
Idioma:anglès
Publicat: Ciudad de México, México: Crítica, 2017.
Col·lecció:Drakontos
Matèries:
Etiquetes: Afegir etiqueta
Sense etiquetes, Sigues el primer a etiquetar aquest registre!

MARC

LEADER 00000 a2200000 4500
003 CL-VaPUC
005 20220527115647.0
008 220510b2017 ||||| |||| 00| 0 eng d
999 |c 435551  |d 435549 
020 |a 9788416771486 
040 |c Pontificia Universidad Católica de Valparaíso 
082 7 |a 001.9 SAG 2017  |2 22 
100 |a Sagan, Carl  |9 357854  |e autor 
245 1 3 |a El mundo y sus demonios. 
260 |a Ciudad de México, México:  |b Crítica,   |c 2017. 
300 |a 493 páginas  
490 |a Drakontos 
583 |k Cristina María Rojas Aguilar  |c 20220510 
650 |a Ciencia  |x Metodología   |x Obras de divulgación   |9 869557 
650 |a Ciencia y civilización   |9 599509 
700 |a Udina, Dolors  |e traducción castellana  |9 869556 
942 |2 ddc  |c BK 
952 |0 0  |1 0  |2 ddc  |4 0  |6 001_900000000000000_SAG_2017  |7 0  |8 A  |9 583179  |a BIBARQ  |b BIBARQ  |c GEN  |d 2022-05-20  |e 1  |g 30833.00  |i 5651315  |l 2  |m 1  |o 001.9 SAG 2017  |p 5651315  |r 2025-01-20  |s 2022-07-21  |t 1  |v 30833.00  |w 2022-05-20  |y BK  |k ARQ